Little problems of married life : the Baedeker to matrimony /

Bibliographic Details
Main Author: Jordan, William George, 1864-1928
Format: Book
Language:English
Published: [New York], [Chicago, etc.] : Fleming H. Revell company, [1910]
Subjects:

MARC

Tag First Indicator Second Indicator Subfields
LEADER 00000cam a2200000 4500
001 in00000057561
005 20151007082213.0
008 750424s1910 eng u
010 |a  10022126  
035 |a (OCoLC)01296651 
035 |9 AAF7528AM 
040 |c IWU  |d TXA  |d UtOrBLW 
049 |a TXAM  |c [81798] 
050 0 0 |a HQ734  |b .J7 
092 |a 173.1  |b J82 
100 1 |a Jordan, William George,  |d 1864-1928. 
245 1 0 |a Little problems of married life :  |b the Baedeker to matrimony /  |c [by] William George Jordan. 
264 1 |a [New York],  |a [Chicago, etc.] :  |b Fleming H. Revell company,  |c [1910] 
264 4 |c [©1910] 
300 |a  256 pages ;  |c 19 cm. 
336 |a text  |b txt  |2 rdacontent 
337 |a unmediated  |b n  |2 rdamedia 
338 |a volume  |b nc  |2 rdacarrier 
650 0 |a Marriage. 
999 |a MARS 
999 f f |s ade913eb-24a2-3b28-82d1-e2f959dfd5d4  |i 5fa38d45-19ba-349b-b39c-ba63b39fa78b  |t 0 
952 f f |p ric  |a Texas A&M University  |b Rellis Campus  |c Joint Library Facility  |d Remote Storage  |t 0  |e HQ734 .J7  |h Library of Congress classification  |i unmediated -- volume  |m A14800535329 
998 f f |a HQ734 .J7  |t 0  |l Remote Storage